MESTSKÁ KNIŽNICA GIRALTOVCE  - online katalóg 

Normal view MARC view

Entry Meeting Name

Number of records used in: 1

001 - CONTROL NUMBER

  • control field: 5512

003 - CONTROL NUMBER IDENTIFIER

  • control field: OSt

005 - DATE AND TIME OF LATEST TRANSACTION

  • control field: 20260506100838.0

008 - FIXED-LENGTH DATA ELEMENTS

  • fixed length control field: 260506|| aca||aabn | a|a d

040 ## - CATALOGING SOURCE

  • Original cataloging agency: OSt
  • Transcribing agency: OSt

111 ## - HEADING--MEETING NAME

  • Meeting name or jurisdiction name as entry element: Najkrajšie knihy Slovenska
  • Number of part/section/meeting: (XXXI. (59.) :
  • Date of meeting or treaty signing: 2022
  • Location of meeting: Bratislava, Slovensko).
  • Subordinate unit: Kategória: Krásna literatúra

670 ## - SOURCE DATA FOUND

  • Source citation: Work cat.: (OSt)0: Grosman, Ladislav, 1921-1981 aut 5509, Obchod na korze

Powered by Koha